[Event "Dulles Skyline op-A"]
[Site "Dulles"]
[Date "2022.10.08"]
[Round "2"]
[White "Wang, Kevin A"]
[Black "Ye, Chen Chen"]
[Result "1-0"]
[WhiteElo "2303"]
[BlackElo "1990"]
[PlyCount "41"]
[EventDate "2022.10.08"]
[EventType "swiss"]
[EventRounds "6"]
[EventCountry "USA"]
[SourceTitle "CBM 210 Extra"]
[Source "ChessBase"]
[SourceDate "2022.11.30"]
[SourceVersion "1"]
[SourceVersionDate "2022.11.30"]
[SourceQuality "1"]

1. e4 c5 2. c3 d5 3. exd5 Qxd5 4. d4 g6 5. Nf3 Bg7 6. Nbd2 cxd4 7. Bc4 Qa5 8. Nxd4 Nf6 9. 0-0 0-0 10. Re1 e5 11. Nb5 a6 12. Nb3 Qb6 13. Be3 Qc6 14. Na5 Bg4 15. Nxc6 Bxd1 16. Ne7+ Kh8 17. Nc7 Bc2 18. Nxa8 b5 19. Bb3 Bxb3 20. axb3 Re8 21. Bc5 1-0

[Event "Dulles Colonial op 2nd"]
[Site "Dulles"]
[Date "2021.04.03"]
[Round "2"]
[White "Ye, Chen Chen"]
[Black "Siamon, David"]
[Result "1/2-1/2"]
[WhiteElo "1798"]
[BlackElo "1956"]
[PlyCount "67"]
[EventDate "2021.04.02"]
[EventType "swiss"]
[EventRounds "5"]
[EventCountry "USA"]
[SourceTitle "CBM 202 Extra"]
[Source "ChessBase"]
[SourceDate "2021.07.31"]
[SourceVersion "1"]
[SourceVersionDate "2021.07.31"]
[SourceQuality "1"]

1. e4 c6 2. d4 d5 3. Nc3 dxe4 4. Nxe4 Nf6 5. Nxf6+ exf6 6. c3 Bd6 7. Bd3 0-0 8. Qc2 Re8+ 9. Ne2 h5 10. 0-0 Be6 11. Bf4 Qc7 12. Bxd6 Qxd6 13. Rae1 Nd7 14. f4 Nb6 15. f5 Bc4 16. b3 Bxd3 17. Qxd3 Nd5 18. Ng3 Rxe1 19. Rxe1 h4 20. Nh5 Nf4 21. Nxf4 Qxf4 22. a4 Rd8 23. b4 a5 24. b5 c5 25. Qe4 Qd2 26. Qe3 Qxe3+ 27. Rxe3 cxd4 28. Rd3 Rd5 29. Rxd4 Rxd4 30. cxd4 Kf8 31. Kf2 Ke7 32. Ke3 Kd6 33. Ke4 g6 34. g3 1/2-1/2